00790cam5a220020500 450000500170000000800410001702000150005803500200007305000200009324500720011325000120018526000650019735000070026250400360026965000340030565001050033965000950044470000280053999900170056720190819095712.0000512  a1555811183 a(Sirsi) a142586 0aRB46.5 Man 199710aManual of clinical laboratory immunology /cRose Noel R. ...[et al] a5th ed. aWashington D.C. :bAmerican Society for Microbiology,c1997. a25 aIncludes bibliography and index 0aClinical immunology6S85300.1 0aImmunodiagnosis -- Handbooks, mannuals, etc.xImmunodiagnosis -- Handbooks, mannuals, etc.6S85907.1 0aImmunology -- Handbooks, mannuals, etc.xImmunology -- Handbooks, mannuals, etc.6S85908.110aRose, Noel R.6A26407.1 c99684d99684